[Event "POL-chT U20"]
[Site "Chotowa"]
[Date "2025.06.18"]
[Round "5.27"]
[White "Zalewski, Witold"]
[Black "Perucki, Maciej"]
[Result "0-1"]
[WhiteElo "1857"]
[BlackElo "2006"]
[PlyCount "116"]
[EventDate "2025.06.14"]
[EventType "team-tourn"]
[EventRounds "9"]
[EventCountry "POL"]
[SourceTitle "CB27_2025"]
[SourceDate "2025.07.02"]
[SourceVersion "1"]
[SourceVersionDate "2025.07.02"]
[SourceQuality "1"]
[WhiteTeam "Gdynia MDK"]
[BlackTeam "Wroclaw Polonia Votum"]
[WhiteTeamCountry "POL"]
[BlackTeamCountry "POL"]

1. Nf3 d5 2. g3 Nf6 3. Bg2 e6 4. 0-0 c5 5. d4 cxd4 6. Nxd4 e5 7. Nb3 Be6 8. Bg5 Nbd7 9. N1d2 Be7 10. Rc1 Rc8 11. c3 0-0 12. e4 Nxe4 13. Nxe4 dxe4 14. Bxe7 Qxe7 15. Bxe4 Nc5 16. Nxc5 Rxc5 17. Qe2 f5 18. Bb1 Bc4 19. Bd3 Bxd3 20. Qxd3 Qe6 21. Qe3 b6 22. Rfd1 h6 23. Qd3 Qxa2 24. b4 Rc7 25. c4 Qb2 26. Rb1 Qd4 27. Qxd4 exd4 28. Rxd4 Rfc8 29. Rd5 f4 30. gxf4 Rxc4 31. Ra1 Rxb4 32. Rxa7 Rxf4 33. Rdd7 Rg4+ 34. Kf1 Rc1+ 35. Ke2 Rh1 36. Rdb7 Rxh2 37. Ra8+ Kh7 38. Rxb6 Rf4 39. Rbb8 Rhxf2+ 40. Ke3 R2f3+ 41. Ke2 Rf6 42. Re8 h5 43. Ra5 R3f5 44. Ra4 Rf8 45. Re6 Rf4 46. Ra1 h4 47. Rh1 Rg4 48. Re5 Kh6 49. Re6+ g6 50. Re7 Rg2+ 51. Ke1 g5 52. Rd7 Rf3 53. Rd8 Kh5 54. Rd4 h3 55. Rd7 g4 56. Rd8 Kh4 57. Rh8+ Kg3 58. Rh7 h2 0-1